Toutes les communes du canton de Pornic (44) - Statistiques

Statistiques générales
  • Ce quiz a été pris 97 fois
  • Le résultat moyen est 6 sur 8
Réponses sur la Carte
Les réponses sont colorées sur une échelle allant du rouge au vert en fonction du pourcentage des utilisateurs qui les ont devinées à leur premier essai. Vous pouvez retrouver ces pourcentages ci-dessous.
 
Statistiques - réponses
Commune % Correct
Pornic
98%
Saint-Michel-Chef-Chef
76%
La Bernerie-en-Retz
74%
La Plaine-sur-Mer
74%
Préfailles
71%
Les Moutiers-en-Retz
67%
Chauvé
53%
Chaumes-en-Retz (Fraction)
36%
Aucun quiz correspondant
Distribution des résultats
% des personnes avec chaque résultat
Percentile par nombre de réponses
Votre historique - résultats
Vous n’avez pas pris ce quiz